[Event "COL-ch U18 Girls"]
[Site "Cali"]
[Date "2018.04.14"]
[Round "8"]
[White "Argote Heredia, Valentina"]
[Black "Fraile Vela, Maria Isabel"]
[Result "1-0"]
[WhiteElo "2008"]
[BlackElo "1677"]
[PlyCount "77"]
[EventDate "2018.04.10"]
[EventType "tourn"]
[EventRounds "9"]
[EventCountry "COL"]
[SourceTitle "CBM 184 Extra"]
[Source "ChessBase"]
[SourceDate "2018.06.28"]
[SourceVersion "1"]
[SourceVersionDate "2018.06.28"]
[SourceQuality "1"]

1. e4 e5 2. Nf3 Nc6 3. Bb5 a6 4. Ba4 Nf6 5. 0-0 Be7 6. Re1 b5 7. Bb3 0-0 8. a4 Rb8 9. axb5 axb5 10. d3 h6 11. Nbd2 Re8 12. Nf1 Bf8 13. c3 d5 14. exd5 Nxd5 15. d4 exd4 16. Rxe8 Qxe8 17. Bxd5 dxc3 18. bxc3 Bb7 19. Qb3 Ba8 20. Bf4 Qd7 21. Ne3 Bc5 22. c4 Nd4 23. Nxd4 Bxd5 24. Nxd5 Bxd4 25. Re1 Re8 26. Rxe8+ Qxe8 27. Kf1 c6 28. Ne3 Qe6 29. Qd3 Bxe3 30. Bxe3 bxc4 31. Qd4 f6 32. h3 Kf7 33. g4 h5 34. Ke2 hxg4 35. hxg4 c3 36. Kf3 Qd5+ 37. Qxd5+ cxd5 38. Ke2 Ke6 39. Kd3 1-0

[Event "COL-ch U18 Girls"]
[Site "Cali"]
[Date "2018.04.10"]
[Round "1"]
[White "Valencia Lopez, Daily Vanessa"]
[Black "Fraile Vela, Maria Isabel"]
[Result "0-1"]
[WhiteElo "1648"]
[BlackElo "1677"]
[PlyCount "62"]
[EventDate "2018.04.10"]
[EventType "tourn"]
[EventRounds "9"]
[EventCountry "COL"]
[SourceTitle "CBM 184 Extra"]
[Source "ChessBase"]
[SourceDate "2018.06.28"]
[SourceVersion "1"]
[SourceVersionDate "2018.06.28"]
[SourceQuality "1"]

1. e4 e5 2. Nf3 Nc6 3. Bb5 a6 4. Ba4 Nf6 5. 0-0 Be7 6. Re1 b5 7. Bb3 0-0 8. c3 d5 9. exd5 Nxd5 10. Nxe5 Nxe5 11. Rxe5 c6 12. d4 Bd6 13. Re1 Qh4 14. g3 Qh3 15. Qd3 Bg4 16. Be3 f5 17. f4 Kh8 18. Qf1 Qh5 19. Nd2 Rf6 20. Bxd5 cxd5 21. Qg2 Rh6 22. h4 Qf7 23. Bf2 Rg6 24. Kh2 Bh5 25. Nf3 Bxf4 26. Ne5 Bxe5 27. Rxe5 Rd8 28. Rae1 Rg4 29. Be3 Re4 30. Bg5 Re8 31. Bf4 Rxe1 0-1

[Event "Bogota sf3 U18"]
[Site "Bogota"]
[Date "2018.03.30"]
[Round "3.4"]
[White "Valencia Lopez, Daily Vanessa"]
[Black "Fraile Vela, Maria Isabel"]
[Result "0-1"]
[WhiteElo "1648"]
[BlackElo "1706"]
[PlyCount "60"]
[EventDate "2018.03.29"]
[EventType "swiss"]
[EventRounds "6"]
[EventCountry "COL"]
[SourceTitle "EXT 2024"]
[Source "ChessBase"]
[SourceDate "2023.10.10"]
[SourceVersion "1"]
[SourceVersionDate "2023.10.10"]
[SourceQuality "1"]

1. e4 e5 2. Nf3 Nc6 3. Bb5 a6 4. Ba4 Nf6 5. 0-0 Be7 6. Re1 b5 7. Bb3 0-0 8. c3 d5 9. exd5 Nxd5 10. Nxe5 Nxe5 11. Rxe5 c6 12. d4 Bd6 13. Re1 Qh4 14. g3 Qh3 15. Bc2 Bg4 16. Qd3 Rfe8 17. Be3 Bf3 18. Qf1 Qg4 19. Nd2 Re6 20. h3 Qh5 21. g4 Bxg4 22. Qg2 Bxh3 23. Qg5 Qxg5+ 24. Bxg5 Rae8 25. Re4 f5 26. Rxe6 Rxe6 27. Kh1 h6 28. Bh4 g5 29. Bg3 Bxg3 30. fxg3 Re2 0-1

[Event "COL-ch U18 sf2"]
[Site "Ibague"]
[Date "2018.03.24"]
[Round "5.5"]
[White "Fraile Vela, Maria Isabel"]
[Black "Velasquez, Angie Gabriela"]
[Result "0-1"]
[WhiteElo "1706"]
[BlackElo "1808"]
[PlyCount "94"]
[EventDate "2018.03.22"]
[EventType "swiss"]
[EventRounds "6"]
[EventCountry "COL"]
[SourceTitle "EXT 2024"]
[Source "ChessBase"]
[SourceDate "2023.10.10"]
[SourceVersion "1"]
[SourceVersionDate "2023.10.10"]
[SourceQuality "1"]

1. e4 c5 2. Nf3 e6 3. d4 cxd4 4. Nxd4 a6 5. Be2 Nf6 6. Bd3 Nc6 7. Nb3 d5 8. exd5 Nxd5 9. 0-0 Ndb4 10. Be2 Bd6 11. Nc3 0-0 12. a3 Nd5 13. Nxd5 exd5 14. Bf3 Be6 15. Kh1 Bc7 16. Nd4 Qh4 17. g3 Qxd4 18. Qxd4 Nxd4 19. Bd1 Bh3 20. Re1 Rfe8 21. Be3 Nf5 22. Bf3 Nxe3 23. fxe3 Be6 24. Kg2 Rad8 25. Rad1 b6 26. c3 Rd6 27. Kf2 g6 28. Be2 a5 29. Bb5 Red8 30. Be2 Bf5 31. Rd2 Be4 32. Kg1 h5 33. Rf1 Kg7 34. Rf2 Re6 35. Bd3 Bxd3 36. Rxd3 b5 37. Kf1 Bb6 38. Re2 Re5 39. Ke1 f5 40. Kd2 Kf6 41. Rf2 Rde8 42. Re2 Kg5 43. h3 R8e6 44. Ke1 Rxe3 45. Rexe3 Rxe3+ 46. Rxe3 Bxe3 47. Ke2 f4 0-1

[Event "COL-ch U18 sf2"]
[Site "Ibague"]
[Date "2018.03.24"]
[Round "4.6"]
[White "Medina Barrios, Lina Maria"]
[Black "Fraile Vela, Maria Isabel"]
[Result "1/2-1/2"]
[WhiteElo "1463"]
[BlackElo "1706"]
[PlyCount "105"]
[EventDate "2018.03.22"]
[EventType "swiss"]
[EventRounds "6"]
[EventCountry "COL"]
[SourceTitle "EXT 2024"]
[Source "ChessBase"]
[SourceDate "2023.10.10"]
[SourceVersion "1"]
[SourceVersionDate "2023.10.10"]
[SourceQuality "1"]

1. e4 e5 2. Bc4 Nf6 3. d3 Nc6 4. c3 d5 5. exd5 Nxd5 6. Qb3 Na5 7. Qa4+ c6 8. Qd1 Nxc4 9. dxc4 Nb6 10. Nd2 Be6 11. Qe2 Bd6 12. Ngf3 f6 13. 0-0 0-0 14. b3 a5 15. Ne4 Be7 16. Be3 Bf5 17. Rfd1 Qc7 18. Nc5 Rfd8 19. Nh4 Bxc5 20. Nxf5 Bxe3 21. Qxe3 a4 22. Qe2 axb3 23. axb3 Rxa1 24. Rxa1 Qd7 25. Ne3 Qc7 26. Qf3 Nd7 27. Rd1 Nc5 28. Rxd8+ Qxd8 29. b4 Ne6 30. h4 Kf8 31. c5 Qd3 32. Qd1 Qxd1+ 33. Nxd1 Nf4 34. Kf1 Ke7 35. g3 Nd5 36. Ke2 Ke6 37. Kd3 f5 38. f3 h6 39. Nf2 g5 40. hxg5 hxg5 41. g4 Kf6 42. Nd1 e4+ 43. Ke2 Ke5 44. fxe4 Nf4+ 45. Kf2 fxg4 46. Kg3 Kxe4 47. Kxg4 Ne6 48. Nb2 Ke3 49. Kf5 Nc7 50. Kxg5 Kd2 51. Na4 Nd5 52. Kf5 Nxc3 53. Nb6 1/2-1/2

[Event "COL-ch U18 sf2"]
[Site "Ibague"]
[Date "2018.03.23"]
[Round "2.6"]
[White "Cardoso Cardoso, Jaidy Marcela"]
[Black "Fraile Vela, Maria Isabel"]
[Result "0-1"]
[WhiteElo "1847"]
[BlackElo "1706"]
[PlyCount "32"]
[EventDate "2018.03.22"]
[EventType "swiss"]
[EventRounds "6"]
[EventCountry "COL"]
[SourceTitle "EXT 2024"]
[Source "ChessBase"]
[SourceDate "2023.10.10"]
[SourceVersion "1"]
[SourceVersionDate "2023.10.10"]
[SourceQuality "1"]

1. d4 d5 2. c4 dxc4 3. e4 Nf6 4. e5 Nd5 5. Bxc4 e6 6. Ne2 Be7 7. 0-0 0-0 8. Nbc3 Nc6 9. f4 Na5 10. Bd3 c5 11. Kh1 cxd4 12. Nxd4 Bc5 13. Nxd5 Qxd5 14. Nc2 Nc6 15. Rf3 g6 16. g3 Ne7 0-1

[Event "COL Intercollegiate-chT U18 Girls"]
[Site "Palmira"]
[Date "2017.10.21"]
[Round "7.3"]
[White "Pinillo Canon, Silvana"]
[Black "Fraile Vela, Maria Isabel"]
[Result "0-1"]
[WhiteElo "1633"]
[BlackElo "1717"]
[PlyCount "46"]
[EventDate "2017.10.19"]
[EventType "swiss"]
[EventRounds "12"]
[EventCountry "COL"]
[SourceTitle "CBM 181 Extra"]
[Source "ChessBase"]
[SourceDate "2017.12.12"]
[SourceVersion "1"]
[SourceVersionDate "2017.12.12"]
[SourceQuality "1"]

1. e4 e5 2. Nf3 Nc6 3. Bb5 a6 4. Ba4 Nf6 5. 0-0 Be7 6. Re1 b5 7. Bb3 0-0 8. c3 d5 9. exd5 Nxd5 10. d4 exd4 11. Nxd4 Nxd4 12. Qxd4 Bb7 13. Be3 c5 14. Qg4 Nxe3 15. Rxe3 c4 16. Bc2 g6 17. Re2 Bc5 18. Nd2 h5 19. Qh3 Re8 20. Rae1 Qxd2 21. Be4 Rxe4 22. Rxe4 Qxf2+ 23. Kh1 Bxe4 0-1

[Event "COL-ch Amateur U1700"]
[Site "Bogota"]
[Date "2017.03.05"]
[Round "6"]
[White "Gonzalez, Juan Pablo"]
[Black "Fraile Vela, Maria Isabel"]
[Result "0-1"]
[WhiteElo "1678"]
[BlackElo "1611"]
[PlyCount "118"]
[EventDate "2017.03.02"]
[EventType "swiss"]
[EventRounds "7"]
[EventCountry "COL"]
[SourceTitle "CBM 177 Extra"]
[Source "ChessBase"]
[SourceDate "2017.04.27"]
[SourceVersion "1"]
[SourceVersionDate "2017.04.27"]
[SourceQuality "1"]

1. d4 d5 2. e3 Nf6 3. Bd3 Nc6 4. f4 Bg4 5. Nf3 Qd7 6. Nbd2 Bf5 7. a3 Ne4 8. 0-0 h6 9. Ne5 Nxe5 10. fxe5 e6 11. Qf3 Nxd2 12. Bxd2 Bxd3 13. cxd3 g6 14. Qf6 Rg8 15. Bb4 Bxb4 16. axb4 Qe7 17. Ra3 Qxf6 18. exf6 Kd7 19. Rfa1 a6 20. b5 Rab8 21. bxa6 bxa6 22. Rxa6 Rxb2 23. Rc1 Rc8 24. Rac6 Re2 25. Kf1 Rd2 26. R1c3 Rxd3 27. Ke2 Rxc3 28. Rxc3 Ra8 29. Rb3 Rc8 30. e4 dxe4 31. Rh3 h5 32. g4 hxg4 33. Rh7 Rf8 34. Ke3 Kd6 35. Kxe4 c6 36. Rh4 e5 37. dxe5+ Ke6 38. Rxg4 Ra8 39. Rg5 Ra4+ 40. Kd3 Rh4 41. Rg2 Kxe5 42. Rc2 Rh3+ 43. Kc4 Kxf6 44. Kc5 Rh8 45. Rf2+ Kg7 46. Kxc6 Re8 47. Kd7 Re3 48. h4 f5 49. h5 gxh5 50. Rxf5 Kg6 51. Ra5 h4 52. Kc6 h3 53. Rd5 h2 54. Rd1 Kg5 55. Kd5 Kg4 56. Kd4 Re8 57. Kc3 Kg3 58. Rd3+ Kf2 59. Rh3 Re3+ 0-1

[Event "COL-ch Amateur U1700"]
[Site "Bogota"]
[Date "2017.03.04"]
[Round "4"]
[White "Lancheros Suescun, Mario"]
[Black "Fraile Vela, Maria Isabel"]
[Result "1-0"]
[WhiteElo "1662"]
[BlackElo "1611"]
[PlyCount "77"]
[EventDate "2017.03.02"]
[EventType "swiss"]
[EventRounds "7"]
[EventCountry "COL"]
[SourceTitle "CBM 177 Extra"]
[Source "ChessBase"]
[SourceDate "2017.04.27"]
[SourceVersion "1"]
[SourceVersionDate "2017.04.27"]
[SourceQuality "1"]

1. e4 e5 2. Nf3 Nc6 3. Bb5 Nf6 4. d3 d6 5. 0-0 Bd7 6. c3 Be7 7. Re1 0-0 8. Nbd2 a6 9. Ba4 b5 10. Bc2 Bg4 11. Nf1 Re8 12. h3 Bd7 13. d4 Bf8 14. Bg5 Be7 15. Ng3 h6 16. Be3 Nh7 17. Qd2 a5 18. Rad1 Bf8 19. dxe5 Nxe5 20. Nxe5 Rxe5 21. f4 Re8 22. e5 Be7 23. f5 Bh4 24. Bf4 Ra6 25. Qd3 Bg5 26. Bxg5 Qxg5 27. e6 Bc6 28. c4 Rb6 29. exf7+ Kxf7 30. Rxe8 Kxe8 31. c5 dxc5 32. f6 Kf7 33. fxg7 Nf6 34. Rf1 Qxg7 35. Ne4 Bxe4 36. Qxe4 Qg5 37. Qh7+ Qg7 38. Qf5 Ke8 39. Qc8+ 1-0

[Event "Bogota Region-ch Amateur U2300"]
[Site "Bogota"]
[Date "2017.02.18"]
[Round "2.7"]
[White "Valle, Efrain"]
[Black "Fraile Vela, Maria Isabel"]
[Result "1-0"]
[WhiteElo "2171"]
[BlackElo "1591"]
[PlyCount "41"]
[EventDate "2017.02.17"]
[EventType "swiss"]
[EventRounds "6"]
[EventCountry "COL"]
[SourceTitle "EXT 2024"]
[Source "ChessBase"]
[SourceDate "2023.10.10"]
[SourceVersion "1"]
[SourceVersionDate "2023.10.10"]
[SourceQuality "1"]

1. e4 e5 2. Nf3 Nc6 3. Bb5 Nf6 4. d3 d6 5. 0-0 Be7 6. Be3 0-0 7. Nbd2 Bg4 8. h3 Bh5 9. c3 a6 10. Ba4 b5 11. Bc2 Re8 12. a4 b4 13. a5 Rb8 14. Ba4 Qd7 15. cxb4 Rxb4 16. Rc1 Rxa4 17. Qxa4 Nb8 18. Qxd7 Nfxd7 19. Rxc7 Bd8 20. Rc8 f6 21. Nc4 1-0

[Event "Bogota Navidad op"]
[Site "Bogota"]
[Date "2016.12.11"]
[Round "9"]
[White "Nieto Mancilla, Frank Fernando"]
[Black "Fraile Vela, Maria Isabel"]
[Result "1-0"]
[WhiteElo "1811"]
[BlackElo "1522"]
[PlyCount "84"]
[EventDate "2016.12.07"]
[EventType "swiss"]
[EventRounds "9"]
[EventCountry "COL"]
[SourceTitle "CBM 176 Extra"]
[Source "ChessBase"]
[SourceDate "2017.03.02"]
[SourceVersion "1"]
[SourceVersionDate "2017.03.02"]
[SourceQuality "1"]

1. e4 e5 2. Nc3 Nf6 3. f4 d6 4. Nf3 exf4 5. Bc4 Be6 6. Bxe6 fxe6 7. d4 Nc6 8. Bxf4 Qe7 9. 0-0 0-0-0 10. Kh1 d5 11. e5 Ng4 12. h3 Nh6 13. Bg5 Qd7 14. Bxd8 Nxd8 15. Ne2 Nf5 16. Qd3 h5 17. c3 Be7 18. g3 g5 19. Nh2 Qe8 20. Rf2 Qg6 21. Rd1 Qg7 22. Nf1 Nf7 23. Ne3 N7h6 24. b3 Rf8 25. Nxf5 Nxf5 26. Rdf1 Qh7 27. Kh2 Kd8 28. Kg1 Rh8 29. Kh2 Kc8 30. c4 c6 31. cxd5 cxd5 32. Nc3 h4 33. g4 Ng3 34. Rd1 Qxd3 35. Rxd3 Bb4 36. Rf7 Kb8 37. Nb5 Kc8 38. Rf2 Ne4 39. Rb2 Ng3 40. a3 Be1 41. Rd1 Ba5 42. b4 Bb6 1-0

[Event "COL-ch Superate fin-B Girls"]
[Site "Bogota"]
[Date "2016.11.17"]
[Round "3.2"]
[White "Fraile Vela, Maria Isabel"]
[Black "Rosado Perez, Maria Jose"]
[Result "0-1"]
[WhiteElo "1635"]
[BlackElo "1732"]
[PlyCount "60"]
[EventDate "2016.11.17"]
[EventType "swiss (rapid)"]
[EventRounds "5"]
[EventCountry "COL"]
[SourceTitle "EXT 2024"]
[Source "ChessBase"]
[SourceDate "2023.10.10"]
[SourceVersion "1"]
[SourceVersionDate "2023.10.10"]
[SourceQuality "1"]

1. e4 c5 2. Nf3 a6 3. d4 cxd4 4. Nxd4 Nf6 5. Nc3 e5 6. Nf3 Bb4 7. Bd3 Nc6 8. Bd2 0-0 9. 0-0 d6 10. a3 Bxc3 11. Bxc3 Re8 12. Qe2 Qb6 13. Rad1 Bg4 14. h3 Bh5 15. g4 Bg6 16. Nh4 Nd4 17. Bxd4 exd4 18. Nxg6 hxg6 19. b3 Nd5 20. Qf3 Nc3 21. Rd2 Re6 22. Bc4 Rf6 23. Qd3 Re8 24. f3 d5 25. Bxd5 Qd6 26. Kg2 Nxd5 27. exd5 Qxd5 28. Qxd4 Re2+ 29. Rf2 Qxf3+ 30. Kg1 Re1+ 0-1

[Event "COL-ch Superate fin-B Girls"]
[Site "Bogota"]
[Date "2016.11.17"]
[Round "2.3"]
[White "Tovar Meza, Lina"]
[Black "Fraile Vela, Maria Isabel"]
[Result "0-1"]
[WhiteElo "1273"]
[BlackElo "1635"]
[PlyCount "34"]
[EventDate "2016.11.17"]
[EventType "swiss (rapid)"]
[EventRounds "5"]
[EventCountry "COL"]
[SourceTitle "EXT 2024"]
[Source "ChessBase"]
[SourceDate "2023.10.10"]
[SourceVersion "1"]
[SourceVersionDate "2023.10.10"]
[SourceQuality "1"]

1. e4 e5 2. Nc3 Nf6 3. g3 Nc6 4. Bg2 Bc5 5. Nge2 d6 6. Na4 Bb6 7. Nxb6 axb6 8. 0-0 Be6 9. d3 Qd7 10. a3 h5 11. Bg5 Nh7 12. Qd2 Nxg5 13. Qxg5 f6 14. Qg6+ Kf8 15. Nf4 exf4 16. e5 Bf5 17. Bxc6 bxc6 0-1

[Event "COL-ch U16 sf3 Girls"]
[Site "Pereira"]
[Date "2016.05.28"]
[Round "2.3"]
[White "Ramirez, Mariana"]
[Black "Fraile Vela, Maria Isabel"]
[Result "1-0"]
[WhiteElo "1485"]
[BlackElo "1596"]
[PlyCount "71"]
[EventDate "2016.05.27"]
[EventType "swiss"]
[EventRounds "6"]
[EventCountry "COL"]
[SourceTitle "EXT 2024"]
[Source "ChessBase"]
[SourceDate "2023.10.10"]
[SourceVersion "1"]
[SourceVersionDate "2023.10.10"]
[SourceQuality "1"]

1. e4 e5 2. Nf3 Nf6 3. Nxe5 d6 4. Nf3 Nxe4 5. d4 d5 6. Bd3 Bd6 7. 0-0 0-0 8. c4 c6 9. Nc3 Nxc3 10. bxc3 Bg4 11. Re1 Nd7 12. h3 Bh5 13. c5 Bc7 14. c4 Ba5 15. Bd2 Bxd2 16. Qxd2 Bxf3 17. gxf3 Qh4 18. Bf1 Nf6 19. cxd5 cxd5 20. Re5 Rad8 21. Rb1 Rd7 22. a4 Nh5 23. Qg5 Qxg5+ 24. Rxg5 Nf6 25. Re5 a6 26. Rbe1 g6 27. Re7 Rfd8 28. a5 Kf8 29. Rxd7 Rxd7 30. h4 Ne8 31. Re5 f5 32. Bd3 Ng7 33. Bc2 Ne8 34. Ba4 Rd8 35. c6 b5 36. axb6 1-0

[Event "COL-ch sf2 U18 Girls"]
[Site "Bogota"]
[Date "2016.05.22"]
[Round "6.3"]
[White "Fraile Vela, Maria Isabel"]
[Black "Mora Tamara, Karen Sofia"]
[Result "1-0"]
[WhiteElo "1596"]
[BlackElo "1395"]
[PlyCount "51"]
[EventDate "2016.05.19"]
[EventType "swiss"]
[EventRounds "6"]
[EventCountry "COL"]
[SourceTitle "EXT 2024"]
[Source "ChessBase"]
[SourceDate "2023.10.10"]
[SourceVersion "1"]
[SourceVersionDate "2023.10.10"]
[SourceQuality "1"]

1. e4 e6 2. d4 d5 3. exd5 exd5 4. Nf3 Bd6 5. Nc3 c6 6. Bd3 Ne7 7. 0-0 Bg4 8. Be2 0-0 9. h3 Bc8 10. Bd3 Ng6 11. Ne2 Nh4 12. Ng3 Qf6 13. Nxh4 Qxh4 14. Nf5 Bxf5 15. Bxf5 Qf6 16. Bd3 Nd7 17. Qg4 Qe7 18. Bg5 f6 19. Rae1 Be5 20. Bh6 Kh8 21. dxe5 gxh6 22. exf6 Nxf6 23. Rxe7 Nxg4 24. hxg4 b6 25. Rxh7+ Kg8 26. Rxh6 1-0

[Event "COL-ch sf2 U18 Girls"]
[Site "Bogota"]
[Date "2016.05.21"]
[Round "5.5"]
[White "Mejia Perez, Julia Marcela"]
[Black "Fraile Vela, Maria Isabel"]
[Result "0-1"]
[WhiteElo "1565"]
[BlackElo "1596"]
[PlyCount "25"]
[EventDate "2016.05.19"]
[EventType "swiss"]
[EventRounds "6"]
[EventCountry "COL"]
[SourceTitle "EXT 2024"]
[Source "ChessBase"]
[SourceDate "2023.10.10"]
[SourceVersion "1"]
[SourceVersionDate "2023.10.10"]
[SourceQuality "1"]

1. f4 e6 2. Nc3 d5 3. e3 Nf6 4. Nf3 Be7 5. Be2 0-0 6. b3 c5 7. d4 b6 8. Bb2 Bb7 9. Qd2 Nc6 10. a3 cxd4 11. exd4 Rc8 12. 0-0-0 Na5 13. Kb1 0-1

[Event "COL-ch sf2 U18 Girls"]
[Site "Bogota"]
[Date "2016.05.20"]
[Round "3.2"]
[White "Viveros Torres, Erica Johana"]
[Black "Fraile Vela, Maria Isabel"]
[Result "1-0"]
[WhiteElo "1779"]
[BlackElo "1596"]
[PlyCount "47"]
[EventDate "2016.05.19"]
[EventType "swiss"]
[EventRounds "6"]
[EventCountry "COL"]
[SourceTitle "EXT 2024"]
[Source "ChessBase"]
[SourceDate "2023.10.10"]
[SourceVersion "1"]
[SourceVersionDate "2023.10.10"]
[SourceQuality "1"]

1. e4 e5 2. Nf3 Nc6 3. Bc4 Nf6 4. d3 d6 5. Ng5 d5 6. exd5 Na5 7. Bb5+ Bd7 8. Bxd7+ Qxd7 9. c4 Bd6 10. Bd2 b6 11. Nc3 0-0 12. 0-0 Nb7 13. Nce4 Be7 14. Qe2 h6 15. Nf3 Nxe4 16. Nxe5 Qd6 17. Qxe4 Nc5 18. Qe2 Bf6 19. d4 Rae8 20. f4 Nd7 21. Bc3 Bxe5 22. fxe5 Qe7 23. Qg4 Qg5 24. Qxd7 1-0

[Event "COL-ch U16 sf1 Girls"]
[Site "Ibague"]
[Date "2016.04.16"]
[Round "5.4"]
[White "Fraile Vela, Maria Isabel"]
[Black "Valencia Lopez, Daily Vanessa"]
[Result "1-0"]
[WhiteElo "1594"]
[BlackElo "1608"]
[PlyCount "42"]
[EventDate "2016.04.14"]
[EventType "swiss"]
[EventRounds "6"]
[EventCountry "COL"]
[SourceTitle "EXT 2024"]
[Source "ChessBase"]
[SourceDate "2023.10.10"]
[SourceVersion "1"]
[SourceVersionDate "2023.10.10"]
[SourceQuality "1"]

1. e4 c5 2. Nf3 e6 3. d4 cxd4 4. Nxd4 a6 5. Nc3 Qc7 6. Bd3 Nc6 7. Nxc6 dxc6 8. 0-0 Nf6 9. f4 Be7 10. Be3 b6 11. e5 Nd5 12. Nxd5 exd5 13. c4 Be6 14. Qb3 dxc4 15. Bxc4 Bxc4 16. Qxc4 0-0 17. Rac1 c5 18. b3 Qb7 19. f5 Rfe8 20. Rf3 Bf8 21. Bf4 Qd5 1-0

[Event "COL-ch U16 sf1 Girls"]
[Site "Ibague"]
[Date "2016.04.16"]
[Round "4.3"]
[White "Medina Barrios, Lina Maria"]
[Black "Fraile Vela, Maria Isabel"]
[Result "1-0"]
[WhiteElo "1452"]
[BlackElo "1594"]
[PlyCount "39"]
[EventDate "2016.04.14"]
[EventType "swiss"]
[EventRounds "6"]
[EventCountry "COL"]
[SourceTitle "EXT 2024"]
[Source "ChessBase"]
[SourceDate "2023.10.10"]
[SourceVersion "1"]
[SourceVersionDate "2023.10.10"]
[SourceQuality "1"]

1. e4 e5 2. Bc4 Nf6 3. d3 h6 4. Nf3 Nc6 5. c3 d6 6. Bb3 Be7 7. h3 Be6 8. Bc2 d5 9. Nbd2 dxe4 10. dxe4 a6 11. Qe2 Bc5 12. Nf1 Qd7 13. Ng3 g6 14. 0-0 0-0-0 15. b4 Ba7 16. a4 Nh5 17. Nxh5 gxh5 18. b5 Na5 19. Nxe5 Qd6 20. Qxh5 1-0

[Event "COL-ch U16 Girls final"]
[Site "Medellin"]
[Date "2016.04.15"]
[Round "8"]
[White "Norena, Derly Jiseth"]
[Black "Fraile Vela, Maria Isabel"]
[Result "1/2-1/2"]
[WhiteElo "1543"]
[BlackElo "1611"]
[PlyCount "33"]
[EventDate "2016.04.11"]
[EventType "tourn"]
[EventRounds "9"]
[EventCountry "COL"]
[SourceTitle "EXT 2018"]
[Source "ChessBase"]
[SourceDate "2017.10.13"]
[SourceVersion "1"]
[SourceVersionDate "2017.10.13"]
[SourceQuality "1"]

1. e4 e5 2. d4 exd4 3. Qxd4 Nc6 4. Qe3 d6 5. Nc3 Nf6 6. Bc4 Be7 7. Bd2 0-0 8. 0-0-0 Na5 9. Bb3 Nxb3+ 10. axb3 Bd7 11. Nf3 a5 12. Rhe1 Ng4 13. Qe2 a4 14. bxa4 Bxa4 15. Nd4 Ne5 16. f4 Nc6 17. Be3 1/2-1/2

[Event "COL-ch U16 Girls final"]
[Site "Medellin"]
[Date "2016.04.14"]
[Round "5"]
[White "Hoyos Garces, Rosana"]
[Black "Fraile Vela, Maria Isabel"]
[Result "1/2-1/2"]
[WhiteElo "1496"]
[BlackElo "1611"]
[PlyCount "33"]
[EventDate "2016.04.11"]
[EventType "tourn"]
[EventRounds "9"]
[EventCountry "COL"]
[SourceTitle "EXT 2018"]
[Source "ChessBase"]
[SourceDate "2017.10.13"]
[SourceVersion "1"]
[SourceVersionDate "2017.10.13"]
[SourceQuality "1"]

1. Nf3 Nf6 2. d4 d5 3. c4 dxc4 4. e3 e6 5. Bxc4 a6 6. 0-0 c5 7. a4 Be7 8. dxc5 Qxd1 9. Rxd1 Bxc5 10. Bd2 0-0 11. Nc3 Nc6 12. Be1 Bd7 13. Ne2 Rfd8 14. Ned4 Nxd4 15. Nxd4 Be8 16. b4 Bxd4 17. exd4 1/2-1/2

[Event "COL-ch U16 Girls final"]
[Site "Medellin"]
[Date "2016.04.14"]
[Round "6"]
[White "Varela, Maria de los Angele"]
[Black "Fraile Vela, Maria Isabel"]
[Result "0-1"]
[WhiteElo "1723"]
[BlackElo "1611"]
[PlyCount "70"]
[EventDate "2016.04.11"]
[EventType "tourn"]
[EventRounds "9"]
[EventCountry "COL"]
[SourceTitle "EXT 2018"]
[Source "ChessBase"]
[SourceDate "2017.10.13"]
[SourceVersion "1"]
[SourceVersionDate "2017.10.13"]
[SourceQuality "1"]

1. d4 d5 2. c4 dxc4 3. Nf3 Nf6 4. e3 e6 5. Bxc4 a6 6. a4 c5 7. 0-0 Nc6 8. Nc3 Be7 9. Qe2 cxd4 10. Rd1 0-0 11. exd4 Nd5 12. Qe4 Ncb4 13. Ne5 Nxc3 14. bxc3 Nd5 15. Bd3 f5 16. Qe1 Qc7 17. Bd2 a5 18. Rab1 b6 19. c4 Nb4 20. Bf1 Nc2 21. Qe2 Nxd4 22. Qe3 Bc5 23. Nd3 f4 24. Qh3 e5 25. Qh5 Bf5 26. Bc3 Rf6 27. Bxd4 Bxd4 28. Rbc1 Raf8 29. Nxf4 Bxf2+ 30. Kxf2 Qc5+ 31. Ke1 exf4 32. Be2 Qg1+ 33. Kd2 Rd6+ 34. Kc3 Qe3+ 35. Kb2 Rd2+ 0-1